000 00373nam a2200145 a 4500
005 20140414131905.0
008 100902s19uu xx 00 eng d
020 _a
050 _aFIC
_bM46 2005
100 _aMeadows, Daisy
245 _aSky the blue fairy /
_cby Daisy Meadows.
260 _aNew York :
_bScholastic,
_c2005.
440 _aRainbow magic
999 _c110878
_d110878